New rules for enforcement appeals (Record no. 71913)

MARC details
000 -LEADER
fixed length control field 00933cam a2200193 4500
001 - CONTROL NUMBER
control field WB3902-12
008 - FIXED-LENGTH DATA ELEMENTS--GENERAL INFORMATION
fixed length control field 030115n2003 000 0 eng u
035 ## - SYSTEM CONTROL NUMBER
System control number (Sirsi) u121016
245 ## - TITLE STATEMENT
Title New rules for enforcement appeals
260 ## - PUBLICATION, DISTRIBUTION, ETC.
Date of publication, distribution, etc. 2003
490 ## - SERIES STATEMENT
Series statement RICS Planning and Development Faculty News
Volume/sequential designation 13 January 2003, (1)
520 ## - SUMMARY, ETC.
Summary, etc. New rules for dealing with enforcement appeals in England came into force on 23 December 2002: these apply to all enforcement and lawful development certificate appeals received on or after that date. The rules, accompanying circular and templates are available on the Planning Inspectorate website at http://www.planning-inspectorate.gov.uk/enforcement_appeals/rules_handling_england.htm
590 ## - LOCAL NOTE (RLIN)
Local note WB
650 ## - SUBJECT ADDED ENTRY--TOPICAL TERM
Topical term or geographic name entry element PLANNING ENFORCEMENT APPEALS
650 ## - SUBJECT ADDED ENTRY--TOPICAL TERM
Topical term or geographic name entry element APPEALS SYSTEM
650 ## - SUBJECT ADDED ENTRY--TOPICAL TERM
Topical term or geographic name entry element ENGLAND
690 ## - LOCAL SUBJECT ADDED ENTRY--TOPICAL TERM (OCLC, RLIN)
Topical term or geographic name as entry element ENVIRONMENTAL AND LAND CONSULTANCY-PLANNING AND DEVELOPMENT
942 ## - ADDED ENTRY ELEMENTS (KOHA)
Suppress in OPAC 0
Holdings
Withdrawn status Lost status Source of classification or shelving scheme Damaged status Not for loan Home library Current library Shelving location Date acquired Total Checkouts Full call number Barcode Date last seen Copy number Price effective from Koha item type
    Dewey Decimal Classification     London London News article 15/01/2003   WB3902-12 121016-1001 06/08/2019 1 06/08/2019 News article